000 01135nam0a22002651 4500
001 rc\2149010
005 20110829174144.4
035 _a(NLR Aleph) 006634912
090 _a7589168
_c7589168
100 _a20110829d1979 |||y0rusy50 ca
101 0 _arus
102 _aRU
105 _ay z |||||
200 1 _aСборник упражнений по русскому языку для студентов неязыковых факультетов
_eМетод. пособие для студентов и преподавателей пед. ин-тов
_fМ-во просвещения КазССР, Каз. пед. ин-т им. Абая
_g[Сост.: К.Ш. Губашева и др.]
210 _aАлма-Ата
_cКаз. пед. ин-т им. Абая
_d1979
215 _a120 с.
_d20
702 1 _aГубашева
_bК. Ш.
_4220
712 0 2 _aКазахский пед. ин-т им. Абая
_cАлма-Ата
_3RU\NLR\AUTH\889922153
801 0 _aRU
_bNLR
_gpsbo
801 1 _aRU
_bELAR
_2rusmarc
852 _aNLR
_j80-3/4816
899 _aRuMoRGB
_jB 80-38/369
899 _aRuMoRGB
_jB 80-38/370
942 _cBOOK
980 _aNB